| 000 | 00379nam a2200157Ia 4500 | ||
|---|---|---|---|
| 008 | 221030s9999 xx 000 0 und d | ||
| 020 | _a8120720903 | ||
| 041 | _aEnglish | ||
| 082 | _a105.23 | ||
| 100 | _aB. N. Kakkar | ||
| 245 | 0 | _aEnrich Your Grammar Current Words & Phrases | |
| 260 |
_bSterling Pub. _aNew Delhi _c2006 |
||
| 300 | _a111 | ||
| 650 | _aEnglish | ||
| 942 | _cBK | ||
| 999 |
_c5887 _d5887 |
||